000 01250nam a2200265Ia 4500
003 OSt
005 20220930094838.0
006 a|||||r|||| 00| 0
007 ta
008 220926b |||||||| |||| 00| 0 hin d
024 _a21640
037 _cTheses
040 _aCRL
_cCRL
_bhin
041 _2hin
_ahin
100 _aरेखा कुमारी
110 _aदिल्ली विश्वविद्यालय. कला संकाय. संस्कृत विभाग
_9556440
245 0 _aध्वन्यालोक की लोचन एवं दीधिति टीकाओं का तुलनात्मक विश्लेषण
246 _aDhvanyālok kī lochan evan dīdhiti ṭīkāoan kā tulanātmak vishleṣhaṇa
260 _c2014
650 _aसंस्कृत साहित्य
700 _a डॉ. भारतेन्दु पाण्डेय, ले.
_9556441
700 _aदिल्ली विश्वविद्यालय. कला संकाय. संस्कृत विभाग
_9556442
942 _cDIS
_2CC
999 _c887767
_d887767